| 000 | 004300000a22001810004500 | ||
|---|---|---|---|
| 003 | MACL | ||
| 005 | 20160114133305.0 | ||
| 008 | 160114b xxu||||| |||| 00| 0 eng d | ||
| 040 |
_aMACL _cMACL |
||
| 041 | _aEnglish | ||
| 082 | _a823/TAG | ||
| 100 |
_aTagore, Rabindranath _91823 |
||
| 245 |
_aBinodini _bA Novel |
||
| 260 |
_bSahitya Akademi _c1982 _aBombay |
||
| 350 | _a20 | ||
| 650 |
_aFiction _932211 |
||
| 942 |
_cBK _k823 _2ddc |
||
| 999 |
_c5901 _d5901 |
||